[Event "HUN-chT2 Szechenyi 1819"]
[Site "Hungary"]
[Date "2018.10.28"]
[Round "1.30"]
[White "Pechy, Zoltan Peter"]
[Black "Egri, Zsolt"]
[Result "0-1"]
[WhiteElo "1488"]
[BlackElo "1756"]
[PlyCount "78"]
[EventDate "2018.10.28"]
[EventType "team-tourn"]
[EventRounds "9"]
[EventCountry "HUN"]
[SourceTitle "EXT 2021"]
[Source "ChessBase"]
[SourceDate "2020.10.23"]
[SourceVersion "1"]
[SourceVersionDate "2020.10.23"]
[SourceQuality "1"]
[WhiteTeam "Haladas Szombathely III"]
[BlackTeam "Sarvar"]
[WhiteTeamCountry "HUN"]
[BlackTeamCountry "HUN"]

1. Nf3 d5 2. d4 Nf6 3. c4 c6 4. Nc3 Nbd7 5. Bg5 e6 6. e3 Be7 7. Bd3 0-0 8. Rc1 b6 9. cxd5 exd5 10. Qc2 Bb7 11. Ne5 h6 12. h4 Nxe5 13. dxe5 Nd7 14. Bxe7 Qxe7 15. f4 f6 16. e6 Qxe6 17. Kf2 Qd6 18. Ne2 c5 19. Bf5 Rad8 20. Rcd1 Rfe8 21. Rh3 Nf8 22. Rg3 Bc8 23. Bg6 Re7 24. a3 Ba6 25. Nc3 d4 26. Kg1 Qc7 27. Ne4 Nxg6 28. Rxg6 Kf7 29. exd4 Qxf4 30. Nf2 f5 31. Rc6 Bb7 32. Qc4+ Kf8 33. Re6 Bd5 34. Rf6+ gxf6 35. Qc3 Be4 36. d5 Qe5 37. d6 Rxd6 38. Rxd6 Qxd6 39. Qe3 Kg7 0-1

[Event "HUN-chT4 Chalupetzky 1718"]
[Site "Hungary"]
[Date "2018.02.25"]
[Round "6.2"]
[White "Balogh, Tibor"]
[Black "Egri, Zsolt"]
[Result "1/2-1/2"]
[WhiteElo "1808"]
[BlackElo "1664"]
[PlyCount "148"]
[EventDate "2017.10.15"]
[EventType "team-tourn"]
[EventRounds "7"]
[EventCountry "HUN"]
[SourceTitle "EXT 2019"]
[Source "ChessBase"]
[SourceDate "2018.10.10"]
[SourceVersion "1"]
[SourceVersionDate "2018.10.10"]
[SourceQuality "1"]
[WhiteTeam "Gyor Szechenyi"]
[BlackTeam "Fertoszentmiklos"]
[WhiteTeamCountry "HUN"]
[BlackTeamCountry "HUN"]

1. d4 d5 2. Nf3 Nf6 3. Bf4 Bf5 4. e3 e6 5. Bd3 Bxd3 6. Qxd3 Nbd7 7. 0-0 Be7 8. Nbd2 0-0 9. Be5 Ne8 10. Rae1 Bd6 11. e4 Bxe5 12. dxe5 Nc5 13. Qe3 Nxe4 14. Nxe4 dxe4 15. Qxe4 c6 16. Rd1 Qe7 17. Rd2 Rd8 18. Rfd1 Nc7 19. Rd6 Nb5 20. R6d3 Nc7 21. c4 Na6 22. Rd6 Rxd6 23. exd6 Qf6 24. Qd4 Qxd4 25. Rxd4 f6 26. a3 c5 27. Rd2 Rd8 28. Kf1 Kf7 29. b4 cxb4 30. axb4 Nxb4 31. Rb2 a5 32. Rd2 b6 33. g4 e5 34. Ke2 Ke6 35. Rd1 Rxd6 36. Nd2 Rd4 37. f3 g6 38. h3 f5 39. Rb1 Rd6 40. Rb3 Na6 41. Rc3 Nc5 42. Re3 Rd4 43. Rc3 e4 44. fxe4 Nxe4 45. Nxe4 Rxe4+ 46. Kd3 Re5 47. Rb3 Kd6 48. Rxb6+ Kc5 49. Rb5+ Kd6 50. Rb6+ Kc7 51. Rb1 fxg4 52. hxg4 Rg5 53. Rh1 Rxg4 54. Rxh7+ Kb6 55. Rh8 a4 56. Rb8+ Kc5 57. Rb5+ Kc6 58. Ra5 Rg3+ 59. Kc2 a3 60. Kb1 g5 61. Ka2 g4 62. Rg5 Kd6 63. c5+ Kc6 64. Rf5 Rf3 65. Rg5 g3 66. Rh5 Kb5 67. Rg5 Kb4 68. c6 Rf2+ 69. Ka1 Kb3 70. Rb5+ Ka4 71. Rg5 g2 72. c7 Rf1+ 73. Ka2 Rc1 74. Rxg2 Rxc7 1/2-1/2

[Event "HUN-chT2 Szechenyi 1718"]
[Site "Hungary"]
[Date "2017.12.03"]
[Round "3.12"]
[White "Kertesz, Zsolt1111"]
[Black "Egri, Zsolt"]
[Result "1/2-1/2"]
[WhiteElo "1910"]
[BlackElo "1660"]
[PlyCount "38"]
[EventDate "2017.10.29"]
[EventType "team-tourn"]
[EventRounds "9"]
[EventCountry "HUN"]
[SourceTitle "EXT 2021"]
[Source "ChessBase"]
[SourceDate "2020.10.23"]
[SourceVersion "1"]
[SourceVersionDate "2020.10.23"]
[SourceQuality "1"]
[WhiteTeam "Csuti Baki Agrocentrum"]
[BlackTeam "Sarvar"]
[WhiteTeamCountry "HUN"]
[BlackTeamCountry "HUN"]

1. d4 d5 2. Nf3 Nf6 3. e3 e6 4. Bd3 Be7 5. 0-0 0-0 6. Nbd2 Nbd7 7. Ne5 c5 8. c3 cxd4 9. exd4 Nxe5 10. dxe5 Nd7 11. Qh5 g6 12. Qe2 Bg5 13. Nf3 Bxc1 14. Raxc1 Nc5 15. b4 Nxd3 16. Qxd3 b6 17. Nd4 Bb7 18. Nb5 Ba6 19. a4 Rc8 1/2-1/2

[Event "HUN-chT4 1617"]
[Site "Hungary"]
[Date "2017.01.15"]
[Round "4.1"]
[White "Papp, Istvan"]
[Black "Egri, Zsolt"]
[Result "1-0"]
[WhiteElo "1764"]
[BlackElo "1650"]
[PlyCount "31"]
[EventDate "2016.10.02"]
[EventType "team-tourn"]
[EventRounds "7"]
[EventCountry "HUN"]
[SourceTitle "EXT 2019"]
[Source "ChessBase"]
[SourceDate "2018.10.10"]
[SourceVersion "1"]
[SourceVersionDate "2018.10.10"]
[SourceQuality "1"]

1. c4 e5 2. Nc3 Nc6 3. g3 g6 4. Bg2 Bg7 5. d3 d6 6. Nf3 Nge7 7. 0-0 0-0 8. Rb1 Nf5 9. e3 Be6 10. b4 Qd7 11. Ng5 Nfe7 12. Nxe6 Qxe6 13. b5 Nd8 14. a4 Rb8 15. Nd5 Qc8 16. Nxe7+ 1-0

[Event "HUN-chT4 Chalupetzky 1516"]
[Site "Fertoszentmiklos"]
[Date "2015.10.11"]
[Round "1.3"]
[White "Bihari, Viktor"]
[Black "Egri, Zsolt"]
[Result "1/2-1/2"]
[WhiteElo "1710"]
[BlackElo "1740"]
[PlyCount "41"]
[EventDate "2015.10.11"]
[EventType "team-tourn"]
[EventRounds "7"]
[EventCountry "HUN"]
[SourceTitle "EXT 2017"]
[Source "ChessBase"]
[SourceDate "2016.10.25"]
[SourceVersion "1"]
[SourceVersionDate "2016.10.25"]
[SourceQuality "1"]
[WhiteTeam "Gonyu"]
[BlackTeam "Fertoszentmiklos"]
[WhiteTeamCountry "HUN"]
[BlackTeamCountry "HUN"]

1. e4 e5 2. f4 exf4 3. Nf3 Nc6 4. Bc4 Be7 5. 0-0 Nf6 6. e5 Ne4 7. d3 Ng5 8. Bxf4 0-0 9. Nxg5 Bxg5 10. d4 Be7 11. d5 Na5 12. Bd3 b6 13. d6 cxd6 14. exd6 Bf6 15. c3 Bb7 16. Qc2 h6 17. Nd2 Re8 18. Rae1 Re6 19. b4 Nc6 20. Ne4 Rc8 21. Qb3 1/2-1/2